00993nam a2200265 a 4500999001500000008004100015040001200056041000800068044000700076082002500083100003600108245007000144260004700214300003600261490004100297502008800338650002700426650003400453655004000487700003200527852000700559904001300566942000700579952014100586 c2374d2374200313s2018 ii ad||g m|||a00| 0 eng d aKObeng0 aeng aii04223a378.242bIRM17351 aSingh, Bhanu PratapeResearcher20aA Report on Mail Management and Direct Port Delivery at CMA-CGM / aKochi :bIndian Maritime University,c2018 a30 p. :bill., charts ;c29 cm.0 aMBA Internship 2017-19 ;v1705304005 aInternship (MBA)–Indian Maritime University. School of Maritime Management, 2019. 0aOffice mail procedures 0aPort au Port Peninsula (N.L.) 72lcshaDissertations, Academicy20181 aH. L., YogamalacDr.eGuide aKO aReshma_R cTH 00102ddc406378_242000000000000_IRM1735708IRM96560aKObKOcREFd2018-06-25l2o378.242 IRM1735pTH0337r2023-03-31s2023-03-31yTH